000 00488nam a22001697a 4500
005 20230116163815.0
008 221028b |||||||| |||| 00| 0 eng d
020 _a978813787465
082 _2658.4038
100 _aLauden, Kenneth C.
245 _aManagement Information Systems: Management the Digital Firm
250 _a12th ed.
260 _aDelhi:
_bPearson,
_c2013
300 _axxxi, 596p.; ill,; 25cm.
521 _aIncludes Reference Glossary and Index
942 _2ddc
_cBK
_n0
999 _c21719
_d21719